<?xml version="1.0" encoding="UTF-8"?><?xml-stylesheet type="text/xsl" href="static/style.xsl"?><OAI-PMH xmlns="http://www.openarchives.org/OAI/2.0/" xmlns:xsi="http://www.w3.org/2001/XMLSchema-instance" xsi:schemaLocation="http://www.openarchives.org/OAI/2.0/ http://www.openarchives.org/OAI/2.0/OAI-PMH.xsd"><responseDate>2026-04-17T19:01:30Z</responseDate><request verb="GetRecord" identifier="oai:www.recercat.cat:20.500.12327/264" metadataPrefix="marc">https://recercat.cat/oai/request</request><GetRecord><record><header><identifier>oai:recercat.cat:20.500.12327/264</identifier><datestamp>2025-10-22T11:25:00Z</datestamp><setSpec>com_2072_4428</setSpec><setSpec>com_2072_4427</setSpec><setSpec>col_2072_487898</setSpec></header><metadata><record xmlns="http://www.loc.gov/MARC21/slim" xmlns:dcterms="http://purl.org/dc/terms/" xmlns:xsi="http://www.w3.org/2001/XMLSchema-instance" xmlns:doc="http://www.lyncode.com/xoai" xsi:schemaLocation="http://www.loc.gov/MARC21/slim http://www.loc.gov/standards/marcxml/schema/MARC21slim.xsd">
   <leader>00925njm 22002777a 4500</leader>
   <datafield ind2=" " ind1=" " tag="042">
      <subfield code="a">dc</subfield>
   </datafield>
   <datafield ind2=" " ind1=" " tag="720">
      <subfield code="a">Lafarga, Tomás</subfield>
      <subfield code="e">author</subfield>
   </datafield>
   <datafield ind2=" " ind1=" " tag="720">
      <subfield code="a">Aguiló‐Aguayo, Ingrid</subfield>
      <subfield code="e">author</subfield>
   </datafield>
   <datafield ind2=" " ind1=" " tag="720">
      <subfield code="a">Bobo, Gloria</subfield>
      <subfield code="e">author</subfield>
   </datafield>
   <datafield ind2=" " ind1=" " tag="720">
      <subfield code="a">Chung, Andrea V.</subfield>
      <subfield code="e">author</subfield>
   </datafield>
   <datafield ind2=" " ind1=" " tag="720">
      <subfield code="a">Tiwari, Brijesh K.</subfield>
      <subfield code="e">author</subfield>
   </datafield>
   <datafield ind2=" " ind1=" " tag="260">
      <subfield code="c">2018-05-24</subfield>
   </datafield>
   <datafield ind2=" " ind1=" " tag="520">
      <subfield code="a">This study investigated the effects of storage on the physicochemical and nutritional aspects ofblueberry jam. Jams were stored at either 4, 25, or 358C during a 56-day period. The pH was sig-nificantly reduced during storage (p&lt;.05). Overall, results demonstrated the significant effect ofstorage temperature and time on the color degradation and on the texture of the samples studied(p&lt;.05). The total antioxidant activity was significantly affected by temperature as the total anti-oxidant activity retention of samples stored at 48C was significantly higher to that of the samplesstored at either 25 or 358C after a 56-day storage period (p&lt;.05). A strong positive correlationwas found between the total phenolic content and the antioxidant activity withR2ranging from0.617 to 0.716. Results obtained herein suggested that blueberry jams should be refrigerated tobetter retain their overall quality attributes and their antioxidant capacity</subfield>
   </datafield>
   <datafield ind1="8" ind2=" " tag="024">
      <subfield code="a">Lafarga, Tomás, Ingrid Aguiló-Aguayo, Gloria Bobo, Andrea V. Chung, and Brijesh K. Tiwari. 2018. "Effect Of Storage On Total Phenolics, Antioxidant Capacity, And Physicochemical Properties Of Blueberry (Vaccinium Corymbosum L.) Jam". Journal Of Food Processing And Preservation 42 (7): e13666. Wiley. doi:10.1111/jfpp.13666.</subfield>
   </datafield>
   <datafield ind1="8" ind2=" " tag="024">
      <subfield code="a">0145-8892</subfield>
   </datafield>
   <datafield ind1="8" ind2=" " tag="024">
      <subfield code="a">http://hdl.handle.net/20.500.12327/264</subfield>
   </datafield>
   <datafield ind1="8" ind2=" " tag="024">
      <subfield code="a">https://doi.org/10.1111/jfpp.13666</subfield>
   </datafield>
   <datafield ind2="0" ind1="0" tag="245">
      <subfield code="a">Effect of storage on total phenolics, antioxidant capacity, and physicochemical properties of blueberry (Vaccinium corymbosum L.) jam</subfield>
   </datafield>
</record></metadata></record></GetRecord></OAI-PMH>